| Tag |
First Indicator |
Second Indicator |
Subfields |
| LEADER |
00000cam a2200000 a 4500 |
| 001 |
in00000090324 |
| 005 |
20151008063635.0 |
| 008 |
810417s1981 nyuaf b 00110beng |
| 010 |
|
|
|a 80070694
|
| 020 |
|
|
|a 0029347602
|
| 035 |
|
|
|a (OCoLC)07461862
|
| 035 |
|
|
|9 AAK2645AM
|
| 039 |
0 |
|
|a 2
|b 3
|c 3
|d 3
|e 3
|
| 040 |
|
|
|a DLC
|c DLC
|d OCL
|d TXA
|d UtOrBLW
|
| 049 |
|
|
|a TXAM
|c [1361619]
|
| 050 |
0 |
0 |
|a E322.1.A38
|b W56
|
| 082 |
0 |
|
|a 973.4/4/0924
|a B
|2 19
|
| 100 |
1 |
|
|a Withey, Lynne.
|
| 245 |
1 |
0 |
|a Dearest friend :
|b a life of Abigail Adams /
|c Lynne Withey.
|
| 264 |
|
1 |
|a New York :
|b Free Press ;
|a London :
|b Collier Macmillan Publishers,
|c [1981]
|
| 264 |
|
4 |
|c ©1981
|
| 300 |
|
|
|a xiv, 369 pages, 8 unnumbered pages of plates :
|b illustrations ;
|c 25 cm.
|
| 336 |
|
|
|a text
|b txt
|2 rdacontent
|
| 337 |
|
|
|a unmediated
|b n
|2 rdamedia
|
| 338 |
|
|
|a volume
|b nc
|2 rdacarrier
|
| 500 |
|
|
|a Includes index.
|
| 504 |
|
|
|a Bibliography: pages [347]-356.
|
| 600 |
1 |
0 |
|a Adams, Abigail,
|d 1744-1818.
|
| 600 |
1 |
0 |
|a Adams, John,
|d 1735-1826.
|
| 650 |
|
0 |
|a Presidents' spouses
|z United States
|v Biography.
|
| 999 |
|
|
|a MARS
|
| 999 |
f |
f |
|s 2efeda12-1a66-3841-808f-f33b9b2041da
|i 3f7e51be-2fc5-3fec-ad36-837a22a7d995
|t 0
|
| 952 |
f |
f |
|p normal
|a Texas A&M University
|b College Station
|c Sterling C. Evans Library
|d Evans: Library Stacks
|t 0
|e E322.1.A38 W56
|h Library of Congress classification
|i unmediated -- volume
|m A14806106932
|
| 998 |
f |
f |
|a E322.1.A38 W56
|t 0
|l Evans: Library Stacks
|